Catálogo

Homilías del padre Manuel Ignacio Pérez Alonso : (Registro nro. 57663)

Detalles MARC
000 -LEADER
fixed length control field 01102cam a2200289 i 4500
001 - CONTROL NUMBER
control field 57663
003 - CONTROL NUMBER IDENTIFIER
control field Mx-PuUPA
005 - DATE AND TIME OF LATEST TRANSACTION
control field 20260317125145.0
008 - FIXED-LENGTH DATA ELEMENTS--GENERAL INFORMATION
fixed length control field 140415s2008 mx gr 001 0dspa d
040 ## - CATALOGING SOURCE
Original cataloging agency Mx-PuUPA
Language of cataloging spa
Transcribing agency Mx-PuUPA
Modifying agency Mx-PuUPA
Description conventions rda
041 0# - LANGUAGE CODE
Language code of text/sound track or separate title spa
100 1# - MAIN ENTRY--PERSONAL NAME
Personal name Pérez Alonso, Manuel Ignacio,
Dates associated with a name 1916-2007
Relator term autor
9 (RLIN) 17786
245 10 - TITLE STATEMENT
Title Homilías del padre Manuel Ignacio Pérez Alonso :
Remainder of title 1985-1988 /
Statement of responsibility, etc. compilación, Ma. del Carmen Celayeta de Müdespacher
264 #1 - PRODUCTION, PUBLICATION, DISTRIBUTION, MANUFACTURE, AND COPYRIGHT NOTICE
Place of production, publication, distribution, manufacture México, D. F. :
Name of producer, publisher, distributor, manufacturer [Editor no identificado],
Date of production, publication, distribution, manufacture, or copyright notice 2008
300 ## - PHYSICAL DESCRIPTION
Extent 198 páginas ;
Dimensions 22 cm
336 ## - CONTENT TYPE
Fuente rdacontent
Content type term texto
Content type code txt
337 ## - MEDIA TYPE
Source rdamedia
Media type term sin medio
Media type code n
338 ## - CARRIER TYPE
Source rdacarrier
Carrier type term volumen
Carrier type code nc
600 14 - SUBJECT ADDED ENTRY--PERSONAL NAME
Personal name Pérez Alonso, Manuel Ignacio,
Titles and other words associated with a name S.J.
Form subdivision Homilías
650 #7 - SUBJECT ADDED ENTRY--TOPICAL TERM
Topical term or geographic name entry element Iglesia Católica
Source of heading or term armarc
Form subdivision Sermones
700 1# - ADDED ENTRY--PERSONAL NAME
Personal name Celayeta de Müdespacher, María del Carmen,
9 (RLIN) 17584
Relator term compilador
942 ## - ADDED ENTRY ELEMENTS (KOHA)
Source of classification or shelving scheme Dewey Decimal Classification
Koha item type Libro
Classification part 252
Item part P42
Suppress in OPAC
Existencias
Withdrawn status Lost status Source of classification or shelving scheme Damaged status Not for loan Collection code Home library Current library Shelving location Date acquired Source of acquisition Cost, normal purchase price Total Checkouts Full call number Barcode Date last seen Cost, replacement price Price effective from Koha item type
    Dewey Decimal Classification     General Biblioteca Karol Wojtyla Biblioteca Karol Wojtyla Procesos técnicos 03/12/2013 Donación 0.00   252 P42 2008 47756 23/03/2026 0.00 03/12/2013 Libro